Hidden kingdoms world of microbes

Αποθηκεύτηκε σε:
Λεπτομέρειες βιβλιογραφικής εγγραφής
Συγγραφή απο Οργανισμό/Αρχή: Carolina Biological Supply Company
Μορφή: VHS
Γλώσσα:English
Δημοσίευση: [χ.τ.] : Carolina Audiovisuals,
Θέματα:
Ετικέτες: Προσθήκη ετικέτας
Δεν υπάρχουν, Καταχωρήστε ετικέτα πρώτοι!

MARC

LEADER 00000 gm a2200000 i 4500
001 1/40455
007 mf cbaho
008 070201s us eng d
035 |l 10086839 
040 |a GR-MY-UA  |b gre  |e aacr 
041 0 |a eng 
082 0 |a 576  |2 (22) 
245 1 0 |a Hidden kingdoms  |h [μαγνητοσκόπηση] :  |b world of microbes /  |c Carolina Audiovisuals 
260 |a [χ.τ.] :   |b Carolina Audiovisuals,  
300 |a 1 βιντεοκασέτα (20 λεπτ.);  |b ομιλ., έγχρ.;  |c 1/2 ιν. 
500 |a Υπάρχει ψηφιακό αντίγραφο.  
538 |a VHS format 
650 0 0 |a Microbiology. 
650 0 0 |a Microorganisms. 
650 0 0 |a Science films. 
710 2 |a Carolina Biological Supply Company. 
852 |a INST  |b LESVOS  |c AV  |e 20070201  |h 576 HID  |p 005100036782  |q 005100036782  |t VC  |y 23 
901 |a BIBL1-2007-1 
909 |a Λ  |b 130619 
920 |a ΔΙΕΥΡΥΝΣΗ  |b ΕΠΕΑΕΚ-ΤΕΘ  |y ΛΕΣΒΟΣ  |z 2004-03 
970 |a ΚΑΡΑ  |b ΓΙΑΣΕΜΗ  |z 2007/02/01